STN EN 10290: 2012 (42 6773) Oceľové rúry a tvarovky pre potrubia uložené v pôde alebo vo vode. Vonkajšie povlaky z polyuretánu alebo modifikovaného polyuretánu nanášané v kvapalnom stave

Táto norma je slovenskou verziou európskej normy EN 10290: 2002. Preklad zabezpečil Slovenský ústav technickej normalizácie. Má rovnaké postavenie ako majú oficiálne verzie

Bibliographic Details
Main Author: Rypák, Rudolf (Author)
Corporate Author: Eustream (Bratislava, Slovensko) (Author)
Format: Book
Language:Slovak
PhysicalDescription:44 s. obr. , tab. 30 cm
Published: Bratislava Slovenský ústav technickej normalizácie 2012
Subjects:

MARC

LEADER 00000nam a2200000 a 4500
001 vtls010428280
003 SK-MaSNL
005 20260302012430.0
008 130117s xo ka f u 000 0 slo
015 |a SNBN2013 
020 |c (cen. skup. 6) 
040 |a SNK  |b slo  |c SNK  |e AACR2 
041 0 |a slo 
044 |a xo  |c SK 
046 |a s  |m 201206 (účin. ) 
072 7 |a 62  |x Technika všeobecne  |2 konspekt 
080 |a 620.193  |2 2001 
080 |a 006.7/.8  |2 2001 
080 |a (437.6) 2 2001  |2 1981 
080 |a (4)  |2 2001 
080 |a 621.643.2/.4  |2 2001 
084 |a 23.040.99  |2 ICS 
084 |a 25.220.60  |2 ICS 
130 0 |a STN 42 6773 (STN EN 10290)  |9 654338 
245 1 0 |a STN EN 10290: 2012 (42 6773) Oceľové rúry a tvarovky pre potrubia uložené v pôde alebo vo vode. Vonkajšie povlaky z polyuretánu alebo modifikovaného polyuretánu nanášané v kvapalnom stave  |c spracovateľ Eustream Bratislava, Rudolf Rypák 
246 1 0 |a Oceľové rúry a tvarovky pre potrubia uložené v pôde alebo vo vode 
246 1 0 |a Vonkajšie povlaky z polyuretánu alebo modifikovaného polyuretánu nanášané v kvapalnom stave 
246 3 0 |a EN 10290: 2002 E 
260 |a Bratislava  |b Slovenský ústav technickej normalizácie  |c 2012 
300 |a 44 s.  |b obr. , tab.  |c 30 cm 
500 |a Súbežný názov v angličtine, francúzštine, nemčine 
500 |a Táto norma nahrádza anglickú verziu STN EN 10290 z januára 2003 v celom rozahu 
504 |a Citované normy, súvisiace právne predpisy s. 2 ; literatúra s. 42 
520 8 |a Táto norma je slovenskou verziou európskej normy EN 10290: 2002. Preklad zabezpečil Slovenský ústav technickej normalizácie. Má rovnaké postavenie ako majú oficiálne verzie 
540 |a STN vydané na akomkoľvek nosiči sa môžu rozmnožovať a rozširovať iba so súhlasom určenej právnickej osoby  |b SÚTN Bratislava  |c zákon 264/1999 Z. z. 
650 0 7 |a potrubia  |2 SNKPH  |9 14318 
650 0 7 |a technické normy a štandardy  |z Slovensko  |2 SNKPH  |9 79594 
650 0 7 |a technické normy a štandardy  |z krajiny Európskej únie  |2 SNKPH  |9 289341 
650 0 7 |a korózia  |2 SNKPH  |9 3937 
650 0 7 |a Pipe  |2 SNKPHeng  |9 319710 
655 7 |a normy  |2 SNKPH  |9 70643 
700 1 |a Rypák, Rudolf  |4 aut  |9 303044 
710 2 |a Eustream (Bratislava, Slovensko)  |4 aut  |9 352981 
710 2 |a Slovenský ústav technickej normalizácie (Bratislava, Slovensko).  |b Technická komisia: TK 76 Korózia a ochrana materiálov proti korózii  |4 stn  |9 326782 
852 |a Štátna vedecká knižnica v Banskej Bystrici 
958 |a NB 
999 |c 1009502  |d 1011432 
952 |a SNK  |b SNK  |y PREZ  |7 0  |p 17A1017344  |o snkSTN EN 10290  |i snk2012/12628  |8 0  |0 0  |1 0  |4 0  |d 2012-06-28  |l 0  |r 2026-02-24 12:48:02  |w 2026-02-24 
952 |a SNK  |b SNK  |y PREZ  |7 0  |p 17A1017345  |o snkSTN EN 10290 D1  |i snk2012/12629  |8 0  |0 0  |1 0  |4 0  |d 2012-06-28  |l 0  |r 2026-02-24 12:48:02  |w 2026-02-24